<?xml version="1.0" encoding="UTF-8"?>
<record
    xmlns:xsi="http://www.w3.org/2001/XMLSchema-instance"
    xsi:schemaLocation="http://www.loc.gov/MARC21/slim http://www.loc.gov/standards/marcxml/schema/MARC21slim.xsd"
    xmlns="http://www.loc.gov/MARC21/slim">

  <leader>04303cam a22004697a 4500</leader>
  <controlfield tag="001">16321686</controlfield>
  <controlfield tag="003">OSt</controlfield>
  <controlfield tag="005">20240523114505.0</controlfield>
  <controlfield tag="007">co uga||||||||</controlfield>
  <controlfield tag="008">100707s2011    moua     b    001 0 eng  </controlfield>
  <datafield tag="010" ind1=" " ind2=" ">
    <subfield code="a">  2010028656</subfield>
  </datafield>
  <datafield tag="016" ind1="7" ind2=" ">
    <subfield code="a">101535151</subfield>
    <subfield code="2">DNLM</subfield>
  </datafield>
  <datafield tag="020" ind1=" " ind2=" ">
    <subfield code="a">9780323065801 (single v. : hard cover : alk. paper)</subfield>
  </datafield>
  <datafield tag="020" ind1=" " ind2=" ">
    <subfield code="a">0323065805 (single v. : hard cover : alk. paper)</subfield>
  </datafield>
  <datafield tag="020" ind1=" " ind2=" ">
    <subfield code="a">9780323065818 (twov. set : hard cover : alk. paper)</subfield>
  </datafield>
  <datafield tag="020" ind1=" " ind2=" ">
    <subfield code="a">0323065813 (twov. set : hard cover : alk. paper)</subfield>
  </datafield>
  <datafield tag="020" ind1=" " ind2=" ">
    <subfield code="a">9996080900 (v.1)</subfield>
  </datafield>
  <datafield tag="020" ind1=" " ind2=" ">
    <subfield code="a">9789996080906 (v.1)</subfield>
  </datafield>
  <datafield tag="020" ind1=" " ind2=" ">
    <subfield code="a">9996080846 (v.2)</subfield>
  </datafield>
  <datafield tag="020" ind1=" " ind2=" ">
    <subfield code="a">9789996080845 (v.2)</subfield>
  </datafield>
  <datafield tag="035" ind1=" " ind2=" ">
    <subfield code="a">(OCoLC)ocn646388497</subfield>
  </datafield>
  <datafield tag="040" ind1=" " ind2=" ">
    <subfield code="a">DNLM/DLC</subfield>
    <subfield code="c">DLC</subfield>
    <subfield code="d">BTCTA</subfield>
    <subfield code="d">NLM</subfield>
    <subfield code="d">WAU</subfield>
    <subfield code="d">YDXCP</subfield>
    <subfield code="d">CDX</subfield>
    <subfield code="d">VAM</subfield>
    <subfield code="d">VET</subfield>
    <subfield code="d">DLC</subfield>
  </datafield>
  <datafield tag="050" ind1="0" ind2="0">
    <subfield code="a">RT41</subfield>
    <subfield code="b">.M488 2011</subfield>
  </datafield>
  <datafield tag="082" ind1="0" ind2="0">
    <subfield code="a">617/.0231</subfield>
    <subfield code="2">22</subfield>
  </datafield>
  <datafield tag="245" ind1="0" ind2="0">
    <subfield code="a">Medical-surgical nursing :</subfield>
    <subfield code="b">assessment and management of clinical problems /</subfield>
    <subfield code="c">Sharon L. Lewis ... [et al.].</subfield>
  </datafield>
  <datafield tag="250" ind1=" " ind2=" ">
    <subfield code="a">8th ed.</subfield>
  </datafield>
  <datafield tag="260" ind1=" " ind2=" ">
    <subfield code="a">St. Louis, Mo. :</subfield>
    <subfield code="b">Elsevier/Mosby,</subfield>
    <subfield code="c">c2011.</subfield>
  </datafield>
  <datafield tag="300" ind1=" " ind2=" ">
    <subfield code="a">2 v.  :</subfield>
    <subfield code="b">ill. (chiefly col.) ;</subfield>
    <subfield code="c">29 cm. +</subfield>
    <subfield code="e">1 DVD-ROM (4 3/4 in.)</subfield>
  </datafield>
  <datafield tag="504" ind1=" " ind2=" ">
    <subfield code="a">Includes bibliographical references and index.</subfield>
  </datafield>
  <datafield tag="505" ind1="0" ind2=" ">
    <subfield code="a">V. 1 -- Contemporary nursing practice -- Health disparities and culturally competent care -- Health history and physical examination -- Patient and caregiver teaching -- Chronic illness and older adults -- Community-based nursing and home care -- Complementary and alternative therapies -- Stress and stress management -- Sleep and sleep disorders -- Pain -- Palliative care at end of life -- Addictive behaviors -- Inflammation and wound healing -- Genetics, altered immune responses, and transplantation -- Infection and human immunodeficiency virus infection -- Cancer -- Fluid, electrolyte, and acid-base imbalances -- Preoperative care -- Intraoperative care -- Postoperative care -- Visual and auditory systems -- Visual and auditory problems -- Integumentary system -- Burns -- Respiratory system -- Upper respiratory problems -- Lower respiratory problems -- Obstructive pulmonary diseases -- Hematologic system -- Hematologic problems -- Cardiovascular system -- Hypertension -- Coronary artery disease and acute coronary syndrome -- Heart failure -- Dysrhythmias -- Inflammatory and structural heart disorders -- Vascular disorders.</subfield>
  </datafield>
  <datafield tag="505" ind1="0" ind2=" ">
    <subfield code="a">V. 2 -- Gastrointestinal system -- Nutritional problems -- Obesity -- Upper gastrointestinal problems -- Lower gastrointestinal problems -- Liver, pancreas, and biliary tract problems -- Urinary system -- Renal and urologic problems -- Acute kidney injury and chronic kidney disease -- Endocrine system -- Diabetes mellitus -- Endocrine problems -- Reproductive system -- Breast disorders -- Sexually transmitted diseases -- Female reproductive problems -- Male reproductive problems -- Nervous system -- Acute intracranial problems -- Stroke -- Chronic neurologic problems -- Alzheimer's disease, dementia, and delirium -- Peripheral nerve and spinal cord problems -- Musculoskeletal system -- Musculoskeletal trauma and orthopedic surgery -- Musculoskeletal problems -- Arthritis and connective tissue diseases -- Critical care -- Shock, systemic inflammatory response syndrome, and multiple organ dysfunction  syndrome -- Respiratory failure and acute respiratory distress syndrome -- Emergency, terrorism, and disaster nursing -- Appendixes A: Cardiopulmonary resuscitation and basic life support for health care providers -- Appendixes B: Nursing diagnoses -- Appendixes C: Laboratory references intervals.</subfield>
  </datafield>
  <datafield tag="538" ind1=" " ind2=" ">
    <subfield code="a">System requirements: Windows XP SP2, Vista or 32-bit Windows 7 operating system. Intel Pentium 4 processor /1 GHz or greater; 65 MB available hard drive space; 512 MB RAM. MAC OS 10.4 x 10.6x operating system; Intel-based processor or Power PC G4/G5 (867 MHz or higher); 65 MB available hard drive space.</subfield>
  </datafield>
  <datafield tag="650" ind1=" " ind2="0">
    <subfield code="a">Nursing.</subfield>
  </datafield>
  <datafield tag="650" ind1=" " ind2="0">
    <subfield code="a">Surgical nursing.</subfield>
  </datafield>
  <datafield tag="650" ind1="1" ind2="2">
    <subfield code="a">Nursing Care.</subfield>
  </datafield>
  <datafield tag="650" ind1="2" ind2="2">
    <subfield code="a">Nursing Assessment.</subfield>
  </datafield>
  <datafield tag="650" ind1="2" ind2="2">
    <subfield code="a">Perioperative Nursing.</subfield>
  </datafield>
  <datafield tag="700" ind1="1" ind2=" ">
    <subfield code="a">Lewis, Sharon Mantik.</subfield>
  </datafield>
  <datafield tag="906" ind1=" " ind2=" ">
    <subfield code="a">7</subfield>
    <subfield code="b">cbc</subfield>
    <subfield code="c">orignew</subfield>
    <subfield code="d">1</subfield>
    <subfield code="e">ecip</subfield>
    <subfield code="f">20</subfield>
    <subfield code="g">y-gencatlg</subfield>
  </datafield>
  <datafield tag="942" ind1=" " ind2=" ">
    <subfield code="2">lcc</subfield>
    <subfield code="c">BOOKS</subfield>
    <subfield code="h">RT 41 .M488 2011</subfield>
  </datafield>
  <datafield tag="999" ind1=" " ind2=" ">
    <subfield code="c">14611</subfield>
    <subfield code="d">14611</subfield>
  </datafield>
  <datafield tag="952" ind1=" " ind2=" ">
    <subfield code="0">0</subfield>
    <subfield code="1">0</subfield>
    <subfield code="2">lcc</subfield>
    <subfield code="4">0</subfield>
    <subfield code="7">0</subfield>
    <subfield code="a">MUC</subfield>
    <subfield code="b">MUC</subfield>
    <subfield code="c">GEN</subfield>
    <subfield code="d">2016-10-06</subfield>
    <subfield code="e">Donation (BFA)</subfield>
    <subfield code="l">0</subfield>
    <subfield code="o">RT 41 .M488 2011</subfield>
    <subfield code="p">26666</subfield>
    <subfield code="r">2019-06-13</subfield>
    <subfield code="w">2016-10-06</subfield>
    <subfield code="y">BOOKS</subfield>
  </datafield>
  <datafield tag="952" ind1=" " ind2=" ">
    <subfield code="0">0</subfield>
    <subfield code="1">0</subfield>
    <subfield code="2">lcc</subfield>
    <subfield code="4">0</subfield>
    <subfield code="7">0</subfield>
    <subfield code="a">MUC</subfield>
    <subfield code="b">MUC</subfield>
    <subfield code="c">GEN</subfield>
    <subfield code="d">2016-10-26</subfield>
    <subfield code="e">Donation (BFA)</subfield>
    <subfield code="l">0</subfield>
    <subfield code="o">RT 41 .M488 2011</subfield>
    <subfield code="p">25922</subfield>
    <subfield code="r">2016-10-26</subfield>
    <subfield code="w">2016-10-26</subfield>
    <subfield code="y">BOOKS</subfield>
  </datafield>
  <datafield tag="952" ind1=" " ind2=" ">
    <subfield code="0">0</subfield>
    <subfield code="1">0</subfield>
    <subfield code="2">lcc</subfield>
    <subfield code="4">0</subfield>
    <subfield code="7">0</subfield>
    <subfield code="a">MUC</subfield>
    <subfield code="b">MUC</subfield>
    <subfield code="c">GEN</subfield>
    <subfield code="d">2016-11-14</subfield>
    <subfield code="e">Donation (BFA)</subfield>
    <subfield code="l">0</subfield>
    <subfield code="o">RT41 .M488 2011</subfield>
    <subfield code="p">27673</subfield>
    <subfield code="r">2016-11-14</subfield>
    <subfield code="w">2016-11-14</subfield>
    <subfield code="y">BOOKS</subfield>
  </datafield>
  <datafield tag="952" ind1=" " ind2=" ">
    <subfield code="0">0</subfield>
    <subfield code="1">0</subfield>
    <subfield code="2">lcc</subfield>
    <subfield code="4">0</subfield>
    <subfield code="7">0</subfield>
    <subfield code="a">MUC</subfield>
    <subfield code="b">MUC</subfield>
    <subfield code="c">GEN</subfield>
    <subfield code="d">2016-11-16</subfield>
    <subfield code="e">Donation (BFA)</subfield>
    <subfield code="l">0</subfield>
    <subfield code="o">RT41 .M488 2011</subfield>
    <subfield code="p">27672</subfield>
    <subfield code="r">2016-11-16</subfield>
    <subfield code="w">2016-11-16</subfield>
    <subfield code="y">BOOKS</subfield>
  </datafield>
</record>
